000 01768nam a2200289Ia 4500
001 9409
003 CO-ViMGA
005 20250922181946.0
008 141031s9999 ck 000 0 spa d
020 _a9789588293288
040 _aCO-ViMGA
_bspa
_cCO-ViMGA
082 0 4 _aR 923.1
_bL66r
_223
100 1 0 _aRandall, Stephen James
_91351
245 1 0 _aAlfonso Lopez Michelsen : su vida, su epoca
_cStephen J. Randall ; traduccion del ingles Paulina Gomez
250 _a2a. edicin̤
300 _a571 pg̀inas
_bilustraciones
_c23 cm.
490 _aColeccion dorada. Interes general
490 _aVillegas. Biografia
500 _aDonacin̤ Villegas Editores
500 _aIncluye bibliografa̕ e n̕dice
500 _aIncluye datos biogrf̀icos del autor
520 _aEste estudio constituye la primera biografa̕ completa de Alfonso Lp̤ez Michelsen, una de las principales figuras de la vida polt̕ica e intelectual de Colombia en los l͠timos 50 aǫs. Su huella ha quedado grabada de forma indeleble tanto en Colombia como fuera de ella. Este libro recorre sus aǫs de estudiante de derecho en Colombia, Chile y Europa, que revelan las influencias que moldearon sus ideales. Es un documento que constituye el l͠timo relato alrededor del Caso Handel, que fue tema de debate durante su presidencia y los aǫs posteriores. Se examina por primera vez su aporte a la crisis polt̕ica de la presidencia de Carlos Lleras Restrepo, su nombramiento como gobernador del Cesar y su posterior contribucin̤ como ministro de Relaciones Exteriores.
600 1 0 _aLópez Michelsen, Alfonso
_d1913-2007
_xBiografias
_965078
651 4 _aColombia
_xHistoria política
_y1970-2007
_965079
700 1 0 _aGómez, Paulina
_etraducción del inglés
_91355
942 _2ddc
_cBK
999 _c9409
_d9409